Análisis del modelado matemático de elementos en el software hypersim
Guardat en:
| Autor principal: | |
|---|---|
| Format: | Llibre |
| Publicat: |
[San José, Costa Rica]
2010
|
| Matèries: | |
| Etiquetes: |
Afegir etiqueta
Sense etiquetes, Sigues el primer a etiquetar aquest registre!
|
MARC
| LEADER | 00000nam a2200000Ia 4500 | ||
|---|---|---|---|
| 003 | 010069 | ||
| 005 | 20221231144033.0 | ||
| 008 | 140114s2010 cr a 000 ||s d | ||
| 040 | |c cru CEDI | ||
| 090 | |a TFG 6239 | ||
| 100 | |a Parajeles Fernández, Iván |9 1358 | ||
| 245 | |a Análisis del modelado matemático de elementos en el software hypersim | ||
| 260 | |c 2010 |b [San José, Costa Rica] | ||
| 500 | |a Proyecto de graduación (bachillerato en ingeniería eléctrica)--Universidad de Costa Rica. Facultad de Ingeniería. Escuela de Ingeniería Eléctrica, 2010 "IE - 0502 Proyecto Eléctrico" | ||
| 648 | |x GENERADORES HIDROELECTRICOS |x MODELOS MATEMATICOS |x PROGRAMAS PARA COMPUTADORA |x DINAMOS |9 2861 | ||
| 942 | |c TFG | ||
| 999 | |c 15964 |d 15964 | ||
